00217nam a2200085Ia 4500008004100000100001500041245002100056260004500077260000900122170620s9999 xx 000 0 und d aRao- V. K. 0aHigher Education bNew Delhi- A.P.H. Publishing corporation c2006